Statistics for Countries of South America Without a Map

Click here to take the quiz!

General Stats

  • This quiz has been taken 40 times
    (23 since last reset)
  • The average score is 12 of 12

Answer Stats

InitialCountries% Correct
AArgentina
100%
BBolivia
100%
BBrazil
100%
CChile
100%
CColombia
100%
EEcuador
100%
GGuyana
100%
PParaguay
100%
UUruguay
100%
VVenezuela
100%
SSuriname
95%
PPeru
90%

Score Distribution

Percentile by Number Answered

Percent of People with Each Score

Your Score History

You have not taken this quiz since the last reset